Etica profesional en ciencias humanas y sociales : introducción con el apoyo de cinco códigos de conducta profesional /

Guardado en:
Detalles Bibliográficos
Autor principal: Cobo Suero, Juan Manuel (autor)
Formato: Libro
Idioma:Español
Publicado: Madrid, España : Huerga y Fierro, 2001, c2001
Temas:
Etiquetas: Agrega una etiqueta
Sin etiquetas, Sé el primero en etiquetar este registro!

MARC

LEADER 00000nam^a2200000^a^4500
001 000161617
005 20250521000000.0
009 20260310100805.545
020 |a 84-8374-247-0 
037 |a Acervo ITESO - Biblioteca 
041 |a ESP 
082 |a 174. 90946  |b COB 
100 |a Cobo Suero, Juan Manuel  |e (autor) 
245 1 0 |a Etica profesional en ciencias humanas y sociales :  |b introducción con el apoyo de cinco códigos de conducta profesional /  |c J.M. Cobo Suero. 
264 4 |a Madrid, España :  |b Huerga y Fierro,  |c 2001, c2001 
300 |a 215 p. 
336 |a texto  |b txt  |2 rdacontenido 
337 |a sin mediación  |b n  |2 rdamedio 
338 |a volumen  |b nc  |2 rdasoporte 
649 |a XX 
650 |a Profesionistas -  |z España 
650 |a Etica Profesional -  |z España 
650 |a Etica Social 
650 |a Función Social 
650 |a Deber 
650 |a Etica -  |x Estudio y Enseñanza 
650 |a Educación -  |z España 
650 |a Ciencias Sociales 
910 |a Fondo General 
920 |a Impresos - Libros 
930 |a Colección General 
905 |a 101 
901 |a 0500093164  |b IT1  |c ACC  |u 20250521 
902 |a https://opac.biblio.iteso.mx/vufind/Record/000161617